Countries with an Equal Number of Consonants and Vowels - Statistics

General Stats
  • This quiz has been taken 1,165 times
    1,093 since last reset
  • The average score is 22 of 50
Answer Stats
Country % Correct
Canada
77%
Fiji
73%
Peru
73%
Mexico
63%
Iraq
62%
Colombia
61%
Cuba
61%
Iran
61%
Panama
61%
Togo
61%
Paraguay
59%
Russia
59%
Tuvalu
58%
Guyana
57%
Suriname
57%
Oman
52%
Greece
51%
Mali
51%
Belize
50%
Kosovo
48%
Laos
46%
Kiribati
45%
Latvia
45%
Dominica
43%
Israel
42%
Angola
40%
Monaco
40%
Zambia
40%
Serbia
39%
Gambia
35%
Slovakia
35%
Malawi
34%
Slovenia
34%
South Korea
33%
Kuwait
32%
Uganda
32%
Malaysia
31%
Taiwan
31%
Brunei
30%
Bulgaria
30%
Cambodia
29%
Mongolia
29%
United Arab Emirates
29%
Saint Lucia
28%
Tanzania
27%
Cameroon
26%
Eswatini
25%
Azerbaijan
23%
Djibouti
22%
Mozambique
20%
No matching quizzes found
Score Distribution
Percent of People with Each Score
Percentile by Number Answered
Your Score History
You have not taken this quiz since the last reset